Detalles MARC
| 000 -CABECERA |
| campo de control de longitud fija |
01980nam a22002537a 4500 |
| 003 - IDENTIFICADOR DEL NÚMERO DE CONTROL |
| campo de control |
OSt |
| 005 - FECHA Y HORA DE LA ÚLTIMA TRANSACCIÓN |
| campo de control |
20210712153501.0 |
| 007 - CAMPO FIJO DE DESCRIPCIÓN FÍSICA--INFORMACIÓN GENERAL |
| campo de control de longitud fija |
ta |
| 008 - DATOS DE LONGITUD FIJA--INFORMACIÓN GENERAL |
| campo de control de longitud fija |
201104b 2020 dr 00| 0 eng d |
| 040 ## - FUENTE DE LA CATALOGACIÓN |
| Centro catalogador/agencia de origen |
DO-SdBNP |
| Lengua de catalogación |
spa |
| Centro/agencia transcriptor |
BNPHU |
| 082 #4 - NÚMERO DE LA CLASIFICACIÓN DECIMAL DEWEY |
| Número de clasificación |
327.7293 |
| Número de documento/Ítem |
P273u 2020-2024 |
| Número de edición |
22 |
| 100 1# - ENTRADA PRINCIPAL--NOMBRE DE PERSONA |
| Nombre de persona |
Abinader Corona, Luis Rodolfo, |
| Fechas asociadas al nombre |
1967- |
| 9 (RLIN) |
77144 |
| 110 2# - ENTRADA PRINCIPAL--NOMBRE DE ENTIDAD CORPORATIVA |
| Nombre de entidad corporativa o nombre de jurisdicción como elemento de entrada |
Partido Revolucionario Moderno (República Dominicana) |
| 9 (RLIN) |
79111 |
| 245 10 - MENCIÓN DE TÍTULO |
| Título |
Una política exterior para el gobierno del cambio : |
| Resto del título |
Partido Revolucionario Moderno (PRM), 2020-2024 / |
| Mención de responsabilidad, etc. |
Luis Rodolfo Abinader Corona. |
| 260 ## - PUBLICACIÓN, DISTRIBUCIÓN, ETC. |
| Lugar de publicación, distribución, etc. |
Santo Domingo : |
| Nombre del editor, distribuidor, etc. |
PRM, |
| Fecha de publicación, distribución, etc. |
2020. |
| 300 ## - DESCRIPCIÓN FÍSICA |
| Extensión |
101 p. ; |
| Dimensiones |
27 cm. |
| 505 0# - NOTA DE CONTENIDO CON FORMATO |
| Nota de contenido con formato |
Introducción -- |
| Título |
Propuestas para un nuevo enfoque -- |
| -- |
Profesionalizar y modernizar el Ministerio de Relaciones Exteriores -- |
| -- |
Establecer una política coherente para la comunidad dominicana en el exterior -- |
| -- |
Agenda de futuro con Haití -- |
| -- |
Recomponer los lazos con la comunidad del Caribe (CARICOM) -- |
| -- |
Fortalecer la relación estratégica con Estados Unidos de América -- |
| -- |
Profundizar la relación con Centroamérica -- |
| -- |
Incrementar los lazos con Latinoamericana -- |
| -- |
Vigorizar los vínculos con Europa -- |
| -- |
Dedicar atención a una relación importante: Canadá -- |
| -- |
Dinamizar los lazos con la India, Japón, Corea del Sur y otras naciones asiáticas -- |
| -- |
Establecer una política coherente hacia la República Popular China -- |
| -- |
Consolidar las relaciones con los países del Oriente Medio e inmediaciones -- |
| -- |
Promover las relaciones con África y Oceanía -- |
| -- |
Identificar nuestra presencia en los organismos internacionales -- |
| -- |
Delimitar el territorio marítimo dominicano -- |
| 590 ## - NOTA LOCAL (RLIN) |
| Nota local |
Inventariado, 2020 /LP |
| 651 #4 - PUNTO DE ACCESO ADICIONAL DE MATERIA--NOMBRE GEOGRÁFICO |
| Nombre geográfico |
República Dominicana |
| Subdivisión general |
Política exterior |
| Subdivisión cronológica |
2020-2024 |
| 9 (RLIN) |
79112 |
| 651 #4 - PUNTO DE ACCESO ADICIONAL DE MATERIA--NOMBRE GEOGRÁFICO |
| Nombre geográfico |
República Dominicana |
| Subdivisión general |
Política y gobierno |
| Subdivisión cronológica |
2020-2024 |
| 9 (RLIN) |
79113 |
| 710 2# - PUNTO DE ACCESO ADICIONAL--NOMBRE DE ENTIDAD CORPORATIVA |
| Nombre de entidad corporativa o nombre de jurisdicción como elemento de entrada |
Partido Revolucionario Moderno (PRM), República Dominicana. |
| 9 (RLIN) |
77151 |
| 910 ## - DATOS DE OPCIÓN DEL USUARIO (OCLC) |
| Datos de opción del usuario |
Lopérez. Validado. Control de calidad MFF |
| 942 ## - ELEMENTOS DE PUNTO DE ACCESO ADICIONAL (KOHA) |
| Fuente del sistema de clasificación o colocación |
Dewey Decimal Classification |
| Tipo de ítem Koha |
Libro |